Stalingrad International Airport Destinations (Volgograd, Russia) - Statistics

General Stats
  • This quiz has been taken 21 times
    13 since last reset
  • The average score is 10 of 15
Answer Stats
Airline Destination % Correct
S7 Airlines Moscow (Domodedovo)
100%
Aeroflot/Pobeda/Rossiya Airlines Moscow (Sheremetyevo)
100%
Pobeda Moscow (Vnukovo)
100%
Pobeda/Rossiya Airlines/Smartavia Saint Petersburg
100%
Belavia Minsk
90%
flydubai Dubai (International)
80%
S7 Airlines Novosibirsk
80%
Ikar Sochi
80%
Ikar Kazan
60%
Nordstar Airlines Yekaterinburg
60%
AlMasria Universal Airlines/Ural Airlines Sharm El Sheikh
50%
Ural Airlines Antalya
40%
Rossiya Airlines Yerevan
30%
Ikar Kaliningrad
10%
Utair Surgut
10%
No matching quizzes found
Score Distribution
Percent of People with Each Score
Percentile by Number Answered
Your Score History
You have not taken this quiz since the last reset